Peña Gomez : (Record no. 16524)

MARC details
000 -LEADER
campo de control de longitud fija 00468nam a2200169 4500
001 - NÚMERO DE CONTROL
campo de control 14450
005 - FECHA Y HORA DE LA ÚLTIMA TRANSACCIÓN
campo de control 20230410101949.0
008 - DATOS DE LONGITUD FIJA--INFORMACIÓN GENERAL
campo de control de longitud fija 060907n1994 dr spa
035 ## - NÚMERO DE CONTROL DEL SISTEMA
-- funglode14572
041 ## - CÓDIGO DE IDIOMA
Código de lengua del texto/banda sonora o título independiente ES
050 14 - SIGNATURA TOPOGRÁFICA DE LA BIBLIOTECA DEL CONGRESO
Número de clasificación 118 F 1938.58 R387p 1994
100 ## - ENTRADA PRINCIPAL--NOMBRE DE PERSONA
Nombre de persona Remigio, Diómedes
245 1# - MENCIÓN DEL TÍTULO
Título Peña Gomez :
Resto del título su pensamiento político /
Mención de responsabilidad, etc. Diómedes Remigio
260 ## - PUBLICACIÓN, DISTRIBUCIÓN, ETC.
Lugar de publicación, distribución, etc. Santo Domingo :
Nombre del editor, distribuidor, etc. Editora Victorama,
Fecha de publicación, distribución, etc. 1994
300 ## - DESCRIPCIÓN FÍSICA
Extensión 197 p.
942 ## - ELEMENTOS DE ENTRADA SECUNDARIOS (KOHA)
Fuente del sistema de clasificación o colocación Clasificación de Library of Congress
Tipo de ítem Koha
Holdings
Estatus retirado Estado de pérdida Fuente del sistema de clasificación o colocación Estado de daño No para préstamo Colección Biblioteca de origen Biblioteca actual Ubicación en estantería Fecha de adquisición Serial enumeration / chronology Signatura topográfica completa Código de barras Visto por última vez Tipo de ítem Koha
    Clasificación de Library of Congress     Recursos Regionales Biblioteca Juan Bosch Biblioteca Juan Bosch Recursos Regionales (2do. Piso) 23/10/2018 1 118 F 1938.58 R387p 1994 00000012280 23/10/2018